000 00339 a2200145 4500
001 65366
082 _a621.3822OPP
090 _c38343
_d38343
100 _aOppenheim Alan V.
245 _aDigital signal processing
250 _a1
260 _aND
_bPrentice Hall
_c1999
300 _axv, 574
500 _aBE textbook Avionics
942 _aNUST-CAE
_cTXT
_k621.3822OPP
999 _c300439
_d300439